| 000 | 00671nam a22002537a 4500 | ||
|---|---|---|---|
| 003 | BD-DhSAU | ||
| 005 | 20210928145444.0 | ||
| 008 | 100620b2006 ii d|||| |||| 001 0 eng d | ||
| 020 | _a8185386161 | ||
| 040 | _aBD-DhSAU | ||
| 082 |
_222 _a658.8072 _bB693 |
||
| 100 | _aBoyd, Harper W.; | ||
| 245 |
_aMarketing Research _cText and Cases (7th Edition) |
||
| 260 |
_aIndia.; _bRichard D. Irwin _c2002.; |
||
| 300 |
_a816p: _bxv. : _c25 cm. |
||
| 440 | _aMarketing Research | ||
| 500 | _aIncludes index. | ||
| 590 | _anazmul | ||
| 600 | _qMarketing | ||
| 610 | _aResearch | ||
| 700 | _aWestfall, Ralph; | ||
| 710 | _astasch, Stanley F.; | ||
| 942 |
_2ddc _cBOOK |
||
| 999 |
_c15336 _d15335 |
||